000 01472cam a2200457 a 4500
001 14322356
003 OSt
005 20140310184317.0
008 060330s2005 nyuab c 000 1 eng d
010 _a 2006296065
020 _a0439739519
020 _a9780439739511
035 _a(OCoLC)ocm61409082
040 _aLJW
_cLJW
_dBAKER
_dVP@
_dXY4
_dDLC
042 _alcac
_alccopycat
050 0 0 _aPZ 7
_b.L345g8 2005
100 1 _aLasky, Kathryn.
_96040
245 1 4 _aThe outcast /
_cby Kathryn Lasky.
260 _aNew York :
_bScholastic,
_cc2005.
300 _a209 p. :
_bill.;
_c20 cm.
490 1 _aGuardians of Ga'hoole ;
_vbk. 8
500 _aSequel to: The hatchling.
521 _aG5
526 _c790
650 1 _aOwls
_vFiction.
_923477
650 1 _aGood and evil
_vFiction.
_923478
650 1 _aFantasy.
_93293
800 1 _aLasky, Kathryn.
_tGuardians of Ga'Hoole ;
_vbk. 8.
_923479
856 4 2 _3Contributor biographical information
_uhttp://www.loc.gov/catdir/enhancements/fy0634/2006296065-b.html
856 4 2 _3Publisher description
_uhttp://www.loc.gov/catdir/enhancements/fy1116/2006296065-d.html
906 _a7
_bcbc
_ccopycat
_d2
_encip
_f20
_gy-gencatlg
942 _2lcc
_cBK-SCHOLAS
999 _c33571
_d33571